00459 a2200157 4500001000700000020001800007040002200025041001600047082002200063100004900085245010600134260003100240300000800271362001300279490000900292135314 a85-16-02342-7 cLeonardo Da Vinci aPortuguês a372.89 M26tbM26t aMARANHÃO, RicardoaANTUNES, Maria Fernanda aTrabalho e civilizaçãobuma história global, as origns da modernidade (do século XVII ao XIX) bModernac1999aSão Paulo a232 a19990000 vv. 3